Evaluación Diagnóstica Nacional Tercer Grado de Primaria 2022: (Record no. 12518)
[ view plain ]
| 000 -LEADER | |
|---|---|
| campo de control de longitud fija | 01177nam a22001817a 4500 |
| 003 - IDENTIFICADOR DE NÚMERO DE CONTROL | |
| campo de control | OSt |
| 005 - FECHA Y HORA DE LA ÚLTIMA TRANSACCIÓN | |
| campo de control | 20250313141601.0 |
| 008 - DATOS DE LONGITUD FIJA--INFORMACIÓN GENERAL | |
| campo de control de longitud fija | 250313b2024 dr acd|f p||to00| 0 spa d |
| 040 ## - FUENTE DE CATALOGACIÓN | |
| Centro catalogador/agencia de origen | CGIP0037 |
| Lengua de catalogación | spa |
| Centro/agencia transcriptor | CGIP0037 |
| Normas de descripción | rda |
| 082 ## - NÚMERO DE LA CLASIFICACIÓN DECIMAL DEWEY | |
| Número de clasificación | 372.072 3/I59 |
| Información de edición | 21 |
| 110 ## - ENTRADA PRINCIPAL--NOMBRE DE ENTIDAD CORPORATIVA | |
| Nombre de entidad corporativa o nombre de jurisdicción como elemento de entrada | El Instituto Dominicano de Evaluación e Investigación de la Calidad Educativa (IDEICE) |
| 245 ## - MENCIÓN DEL TÍTULO | |
| Título | Evaluación Diagnóstica Nacional Tercer Grado de Primaria 2022: |
| Resto del título | Condiciones familiares y relación con la escuela |
| Mención de responsabilidad, etc. | El Instituto Dominicano de Evaluación e Investigación de la Calidad Educativa (IDEICE)Santo Domingo: |
| 260 ## - PUBLICACIÓN, DISTRIBUCIÓN, ETC. | |
| Lugar de publicación, distribución, etc. | Santo Domingo : |
| Nombre del editor, distribuidor, etc. | El Instituto Dominicano de Evaluación e Investigación de la Calidad Educativa (IDEICE) |
| Fecha de publicación, distribución, etc. | 2024 |
| 300 ## - DESCRIPCIÓN FÍSICA | |
| Extensión | 3p. |
| 520 ## - RESUMEN, ETC. | |
| Sumario, etc. | Las Evaluaciones Diagnósticas Nacionales de Tercero y Sexto Grado de Primaria del 2022, tienen sus antecedentes en la Prueba Diagnóstica de Tercer Grado realizada en el año 2017, y la de Sexto Grado de Primaria en 2018. |
| 856 ## - LOCALIZACIÓN Y ACCESO ELECTRÓNICOS | |
| Identificador Uniforme de Recurso | <a href="https://ideice.gob.do/documentacion/publicaciones-id-p1-209-evaluacion-diagnostica-nacional-tercer-grado-de-primaria-2022-condiciones-familiares-y-relacion-con-la-escuela">https://ideice.gob.do/documentacion/publicaciones-id-p1-209-evaluacion-diagnostica-nacional-tercer-grado-de-primaria-2022-condiciones-familiares-y-relacion-con-la-escuela</a> |
| 942 ## - ELEMENTOS DE ENTRADA SECUNDARIOS (KOHA) | |
| Fuente de la clasificación o esquema de estantería | Clasificación Decimal Dewey |
| Tipo de ítem Koha | Folletos |
| Suprimir en OPAC | No |
| Estatus retirado | Estado de pérdida | Fuente de la clasificación o esquema de estantería | Estado de daño | No para préstamo | Biblioteca de origen | Biblioteca actual | Fecha de adquisición | Total de préstamos | Signatura topográfica completa | Visto por última vez | Precio de reemplazo | Tipo de ítem Koha |
|---|---|---|---|---|---|---|---|---|---|---|---|---|
| Clasificación Decimal Dewey | Repositorio IDEICE | Repositorio IDEICE | 13/03/2025 | https://ideice.gob.do/documentacion/publicaciones-id-p1-209-evaluacion-diagnostica-nacional-tercer-grado-de-primaria-2022-condiciones-familiares-y-relacion-con-la-escuela | 13/03/2025 | 13/03/2025 | Folletos |